Cities in South America by Clue - Statistics

General Stats
  • This quiz has been taken 8 times
  • The average score is 14 of 20
Answer Stats
Clue City % Correct
It was founded by Francisco Pizarro in 1535 Lima
100%
Home to the beaches of Copacabana and Ipanema Río de Janeiro
100%
Augusto Pinochet launched a coup in this city in 1973 Santiago
100%
“The Paris of South America” Buenos Aires
88%
The highest elevated capital city in the world La Paz
88%
The Northernmost megacity in South America Bogota
75%
Nicolás Maduro was abducted from this city by the US military in 2026 Caracas
75%
The largest city in the Amazon Rainforest Manaus
75%
The first ever city to host the FIFA World Cup Montevideo
75%
The financial capital of Brazil São Paulo
75%
Shakira is from this Colombian city on the Caribbean Barranquilla
63%
The former capital of the Inca Empire Cusco
63%
Ecuador's largest port and urban area Guayaquil
63%
Venezuelan city on a tidal bay of the same name Maracaibo
63%
Pablo Escobar led this city’s cartel Medellín
63%
The Easternmost major city in South America Recife
63%
The capital of French Guiana Cayenne
38%
It’s name means “Joyful Harbor” in Portuguese Porto Alegre
38%
Bolivia’s largest city Santa Cruz
38%
Bolivian city famous for having the largest silver deposits in the world Potosí
13%
No matching quizzes found
Score Distribution
Percent of People with Each Score
Percentile by Number Answered
Your Score History
You have not taken this quiz